00697 2200253 4500001002100000005001700021008004100038020001800079035002400097082001200121090001900133100001900152245007800171260004600249300002200295500001100317650002900328700002100357850001500378980001400393985000600407999001500413999001500428YOGYA-0209000002674520090227024101.0 ind  a0-538-10980-7 0010-020900000026745 a005.369 a005.369bAda P aADAMS, David R aProgramming business systems with basiccDavid R. Adams, William E. Leigh aCincinatibSouth-Western Publishingc1984 ax, 598 hlmc23 cm aIndeks aBasic (Program komputer) aLeigh, William E aYOPDYOG(B) a20-2-2007 a2 a06A0021336 a06A0021337